00505nam a2200193 a 4500001001300000003000900013005001700022008004100039020001000080082001500090100001600105245004900121260003700170300000900207500003500216505001200251650003200263700001600295nice12345678IN_TiNIC20260116011526.0050524s1895 lona grp 000 0 eng  ac10000a235.2bRAM aRamsay, W M aSt.Paul the Traveller and the Roman Citizen. aLondonbHodder & Stoughtonc1895 a396p aincludes index and biblioraphy2 aindices aSaints-Christianity-St.Paul1 aRamsay, W M